000 01580nam a2200421 i 4500
001 105895
003 FINmELB
005 20241217173637.0
006 m o d |
007 cr cnu||||||||
008 230328s2019 sp o 001 0 spa d
017 _aM-19506-2019
_b2019
020 _a9788497552318
_q(print)
035 _a(OCoLC)1377205655
040 _aFINmELB
_bspa
_erda
_cFINmELB
050 4 _aRC537
_bF366 2019
080 _a616.895.4
082 0 4 _a616.8527
_223
100 1 _aFernández del Ganso, Carlos,
_d1958-
_eautor.
245 1 0 _aDepresión, cáncer, suicidio :
_bcasos clínicos /
_cCarlos Fernández del Ganso.
264 1 _aMadrid, España :
_bEditorial Grupo Cero,
_c2019.
300 _a1 recurso en línea (229 páginas)
336 _atexto
_btxt
_2rdacontent/spa
337 _acomputadora
_bc
_2rdamedia/spa
338 _arecurso en línea
_bcr
_2rdacarrier/spa
490 1 _aColección Extensión Universitaria
500 _aIncluye índice.
588 _aDescripción basada en metadatos suministrados por el editor y otras fuentes.
590 _aRecurso electrónico. Santa Fe, Arg.: elibro, 2023. Disponible vía World Wide Web. El acceso puede estar limitado para las bibliotecas afiliadas a elibro.
650 4 _aCáncer
_xAspectos psicológicos.
650 4 _aDepresión mental.
650 4 _aPsicopatología.
650 4 _aSuicidio.
655 4 _aLibros electrónicos.
797 2 _aelibro, Corp.
830 0 _aColección Extensión Universitaria.
856 4 0 _uhttps://elibro.net/ereader/politecnicointernacional/204162
999 _c105895
_d105895